Airline Callsigns - Europe - Statistics

General Stats
  • This quiz has been taken 40 times
  • The average score is 26 of 44
Answer Stats
Airline Callsign % Correct
Lufthansa Lufthansa
96%
Ryanair Ryanair
96%
British Airways Speedbird
96%
KLM KLM
93%
Turkish Airlines Turkish
93%
Virgin Atlantic Virgin
93%
Aeroflot Aeroflot
89%
Finnair Finnair
89%
Alitalia Alitalia
86%
Scandinavian Airlines Scandinavian
82%
Aegean Airlines Aegean
79%
Tarom Tarom
79%
Luxair Luxair
75%
Wizz Air Wizz Air
75%
AirBaltic AirBaltic
71%
TAP Air Portugal Air Portugal
71%
Air Serbia Air Serbia
68%
Loganair Logan
68%
Blue Air Blue Air
64%
Croatia Airlines Croatia
64%
Norwegian Air UK Rednose
64%
Volotea Volotea
64%
EnterAir EnterAir
61%
Air Europa Europa
61%
SkyUp Airlines SkyUp
61%
Windrose Airlines Windrose
61%
Air Italy Air Italy
57%
Air France Airfrans
54%
Air Malta Air Malta
54%
Iceland Air IceAir
54%
Jet2 Channex
43%
Norwegian Air Shuttle Norshuttle
43%
EasyJet Alpine
39%
Ukraine International Airlines Ukraine International
39%
LOT Polish Airlines Pollot
32%
Pegasus Airlines Sunturk
29%
Azerbaijan Airlines Azal
25%
Bulgaria Air Flying Bulgaria
18%
Sky Express Air Crete
14%
Air Astana Astanaline
14%
Belavia Belarus Avia
14%
Eastern Airways East Flight
14%
Ellinair Ellinair Hellas
14%
Smartwings Skytravel
14%
No matching quizzes found
Score Distribution
Percent of People with Each Score
Percentile by Number Answered
Your Score History
You have not taken this quiz